The Philippine revolution and beyond vol.2 : (Record no. 35489)
[ view plain ]
| 000 -LEADER | |
|---|---|
| fixed length control field | 00582nam a22001697a 4500 |
| 003 - CONTROL NUMBER IDENTIFIER | |
| control field | OSt |
| 005 - DATE AND TIME OF LATEST TRANSACTION | |
| control field | 20140311130135.0 |
| 008 - FIXED-LENGTH DATA ELEMENTS--GENERAL INFORMATION | |
| fixed length control field | 130601t xxu||||| |||| 00| 0 eng d |
| 020 ## - INTERNATIONAL STANDARD BOOK NUMBER | |
| International Standard Book Number | 9719201827 |
| 050 ## - LIBRARY OF CONGRESS CALL NUMBER | |
| Classification number | DS 676 |
| Item number | .Or65 1998 |
| 082 ## - DEWEY DECIMAL CLASSIFICATION NUMBER | |
| Classification number | FIL 959.9027 |
| Item number | P53 1998 |
| 245 ## - TITLE STATEMENT | |
| Title | The Philippine revolution and beyond vol.2 : |
| Remainder of title | papers from the International conference on the centennial of the 1896 Philippine revolution. |
| Statement of responsibility, etc | Ordoñez, Elmer A. |
| 260 ## - PUBLICATION, DISTRIBUTION, ETC. (IMPRINT) | |
| Place of publication, distribution, etc | Manila, Philippines : |
| Name of publisher, distributor, etc | Paragraphics, |
| Date of publication, distribution, etc | c1998 |
| 300 ## - PHYSICAL DESCRIPTION | |
| Extent | vii, 1066 p. |
| Dimensions | 25 cm. |
| 942 ## - ADDED ENTRY ELEMENTS (KOHA) | |
| Source of classification or shelving scheme | Library of Congress Classification |
| Koha item type | Books |
| Call number prefix | |
No items available.